| 000 | 00489nam a2200193Ia 4500 | ||
|---|---|---|---|
| 003 | IIN | ||
| 005 | 20250428150006.0 | ||
| 008 | 231217s9999 xx 000 0 und d | ||
| 020 |
_cRs.225.00 _a9788189926335 |
||
| 040 |
_aIIN _bEnglish |
||
| 082 |
_a572.3 _bSET |
||
| 100 | 1 | _a Setia, Sajita | |
| 245 | 1 |
_aBiochemistry made Simple _cSajita Setia |
|
| 250 | _a2nd ed | ||
| 260 |
_bAditya Medical _aNew Delhi _c2010 |
||
| 300 |
_a318p. _bill. |
||
| 650 | 1 | _aBiochemistry | |
| 942 | _cBOOK | ||
| 999 |
_c159 _d159 |
||